MDQL
is popping MORE tags! Check the
thread
!
Quizzes
Events
Quiz Creation
Community
Videos
Private Events
Remove Ads
Sign In
Join for FREE
Feedback
Dark Mode
Quiz Categories
Sports
Geography
Music
Movies
Television
Just For Fun
Miscellaneous
History
Literature
Language
Science
Gaming
Entertainment
Religion
Holiday
For Kids
Quiz Lab
Recent
Popular Today
Quiz Kudos Today
Editor Picks
Curator Picks
Quizzes by...
Day
Popularity
Type
Ratings
Length
Year
Community
Subscriptions
Recent Discussions
Orange Saloon
Badges
Playlists
Quests
Create
Leaderboards
Showdown
Live 5
Trivia Bingo
Activity
Puzzle Library
Sporcle Events
Private Events
Virtual Trivia
Globe League
Become a Host
Pub Owners
SporcleCon
Opinionation
Our Games
Videos
Blog
Mobile Apps
Partnerships
Remove Ads and Go Orange
Feedback
Sports
Athletes
MLB
NBA
NHL
NFL
Soccer
Sports Teams
WWE
NCAA
Football
Premier League
Basketball
Baseball
Hockey
Golf
Tennis
Cricket
Rugby
Auto Racing
Olympics
World Cup
Sports
Athletes
MLB
NBA
NHL
NFL
Soccer
Sports Teams
WWE
NCAA
Football
Premier League
Basketball
Baseball
Hockey
Golf
Tennis
Cricket
Rugby
Auto Racing
Olympics
World Cup
Random Quiz
Search Sporcle
×
Quiz Lab
Quiz Lab
Sports
Football
Type in answers that appear in a list
Type in answers that appear in a list
Classic
Best Score? Go Orange.
Collingwood F.C. Leading Goal Kickers Stats
Can you name the leading goal kicker for each year of the Collingwood Football Club's VFL/AFL history?
By
Gibbsy
10m
116 Questions
454 Plays
454 Plays
454 Plays
Comments
Comments
Give Quiz Kudos
Give Quiz Kudos
-
- Ratings
hide this ad
More Info
Replay
Link that replays current quiz
Next Quiz
Link to next quiz in quiz playlist
You Got
0%
They Got
Avg Score
51%
Avg Friend Score
Upgrade to see
Score Distribution
Jump to the score distribution portion of the page
Score
0/116
Timer
10:00
0
Plays Today
Year
Leading Goal Kicker
% Correct
2011
Travis Cloke
93.8%
1922
Gordon Coventry
87%
1923
Gordon Coventry
87%
1924
Gordon Coventry
87%
1925
Gordon Coventry
87%
1926
Gordon Coventry
87%
1927
Gordon Coventry
87%
1928
Gordon Coventry
87%
1929
Gordon Coventry
87%
1930
Gordon Coventry
87%
1931
Gordon Coventry
87%
1932
Gordon Coventry
87%
1933
Gordon Coventry
87%
1934
Gordon Coventry
87%
1935
Gordon Coventry
87%
1936
Gordon Coventry
87%
1937
Gordon Coventry
87%
1993
Saverio Rocca
85.5%
1994
Saverio Rocca
85.5%
1995
Saverio Rocca
85.5%
1996
Saverio Rocca
85.5%
1997
Saverio Rocca
85.5%
1998
Saverio Rocca
85.5%
1999
Saverio Rocca
85.5%
2000
Anthony Rocca
85.2%
2006
Anthony Rocca
85.2%
2007
Anthony Rocca
85.2%
2002
Anthony Rocca
85.2%
1981
Peter Daicos
82.4%
1982
Peter Daicos
82.4%
1990
Peter Daicos
82.4%
1991
Peter Daicos
82.4%
1992
Peter Daicos
82.4%
2010
Alan Didak
78.2%
1985
Brian Taylor
76.4%
1986
Brian Taylor
76.4%
1987
Brian Taylor
76.4%
1988
Brian Taylor
76.4%
1989
Brian Taylor
76.4%
Year
Leading Goal Kicker
% Correct
2001
Chris Tarrant
67.6%
2002
Chris Tarrant
67.6%
2003
Chris Tarrant
67.6%
2004
Chris Tarrant
67.6%
2005
Chris Tarrant
67.6%
1967
Peter McKenna
62.8%
1968
Peter McKenna
62.8%
1969
Peter McKenna
62.8%
1970
Peter McKenna
62.8%
1971
Peter McKenna
62.8%
1972
Peter McKenna
62.8%
1973
Peter McKenna
62.8%
1974
Peter McKenna
62.8%
2009
John Anthony
59.3%
2008
Paul Medhurst
54.8%
1977
Peter Moore
54.4%
1978
Peter Moore
54.4%
1906
Dick Lee
54%
1907
Dick Lee
54%
1908
Dick Lee
54%
1909
Dick Lee
54%
1910
Dick Lee
54%
1914
Dick Lee
54%
1915
Dick Lee
54%
1916
Dick Lee
54%
1917
Dick Lee
54%
1919
Dick Lee
54%
1921
Dick Lee
54%
1979
Craig Davis
53.7%
1980
Craig Davis
53.7%
1944
Lou Richards
48%
1948
Lou Richards
48%
1950
Lou Richards
48%
1897
Archie Smith
43.4%
1898
Archie Smith
43.4%
1899
Archie Smith
43.4%
1900
Archie Smith
43.4%
1953
Bob Rose
31.5%
1938
Ron Todd
30.6%
Year
Leading Goal Kicker
% Correct
1939
Ron Todd
30.6%
1984
Mark Williams
28.9%
1959
Murray Weideman
27.1%
1960
Murray Weideman
27.1%
1962
Murray Weideman
27.1%
1983
Michael Richardson
25.8%
1975
Phil Carman
21.8%
1976
Phil Carman
21.8%
1940
Des Fothergill
21.1%
1945
Des Fothergill
21.1%
1946
Des Fothergill
21.1%
1941
Alby Pannam
18.7%
1942
Alby Pannam
18.7%
1943
Alby Pannam
18.7%
1904
Charlie H. Pannam
18.5%
1905
Charlie H. Pannam
18.5%
1957
Ian Brewer
15.2%
1958
Ian Brewer
15.2%
1901
Ted Rowell
9.7%
1902
Ted Rowell
9.7%
1903
Ted Lockwood
8.8%
1947
Neil Mann
8.8%
1963
Terry Waters
8.1%
1964
Terry Waters
8.1%
1920
Ern Utting
6.6%
1966
Ian Graham
6.6%
1955
Ken Smale
6.4%
1956
Ken Smale
6.4%
1912
Les Hughes
5.9%
1913
Les Hughes
5.9%
1949
Jack Pimm
3.7%
1951
Maurie Dunstan
3.3%
1952
Maurie Dunstan
3.3%
1961
Kevin Pay
3.3%
1918
Tom Wraith
3.1%
1965
David Norman
3.1%
1911
Tom Baxter
2.9%
1954
Keith Bromage
2.9%
Quiz Playlist
Details
Report
Send in Message
Add To Playlist
More Info:
Note: (CM) refers to that particular player being the Coleman Medallist (or equivalent) of that particular season.
Classic:
Type in answers that appear in a list
Quiz Source
Last Updated: Feb 16, 2017
Quiz Scoreboard
CHALLENGE
Sign Up to Join the Scoreboard
Show All
Scores
Hide
Comments
May contain spoilers
Recently Published
Two Season TV Shows II
by 123Four
Television
10m
Image Sorting: Flags VI
by Barbecue
Geography
2m
Find the 'City' Movie
by crazypaving
Movies
60s
More to Explore
Quiz From the Vault
Featured Blog Post
14 Easter Pick-up Lines to Find Eggs With
hide this ad
You Might Also Like...
Tags
Football Quiz
AFL
club
Collingwood
goal
Kicked
Kicker
Leading
VFL
Today's Top Quizzes in Sports
Browse Sports
hide this ad
Today's Top Quizzes in Football
Browse Football
Top Contributed Quizzes in Sports
1
Les meilleurs buteurs des matchs entre le PSG et l’OM
2
Les entraîneurs de l'OM et du PSG au 21e siècle
3
2022 World Cup Stars
4
Les joueurs passés par le PSG et l'OM
5
Players with Multiple 50 Home Run Seasons
6
FIFA Club World Cup Champions
7
Criteria MLB: Left Handed Sluggers
8
Les joueurs passés par le LOSC et le RC Lens
9
Top 10 NHL Goal Scorers of All Time
10
MLB Players with Two .350 Batting Average Seasons
Explore More
Trending Topics
Harry Potter
NBA
Anime
Disney
Kpop
Marvel
Crossword
NFL
The Office
Puzzle
Song
Soccer
Country
Pokémon
WWE
hide this ad
More By:
Gibbsy
Quiz
Plays
Rating
Category
Featured
Created
Collingwood F.C. Leading Goal Kickers
454
4.00
Sports
Jan 3, 2012
NBA Live cover athletes
346
Sports
Jan 3, 2012
Go to Creator's Profile
Score Distribution
Quiz Creator Spotlight
Gibbsy
Follow
Send a Message
Quizzes Created
-
Created Quiz Play Count
-
More By This Creator
Popular Quizzes Today
1
Find the US States - No Outlines Minefield
2
Colored Red Africa Blitz
3
Find the 'City' Movie
4
5x2 Blitz: Bands
5
The Countries of the World
6
Find the Countries of Europe - No Outlines Minefield
7
Find the US States
8
US States
More Sports Quizzes
Christian Eriksen's Cup Final XI's
Quiz Lab
Trending Quizzes
Colored Red Europe Blitz I
Colored Red Africa Blitz II
Colored Red Europe Blitz II
Colored Red Europe Blitz III
Colored Red Africa Blitz III
Recently Updated
How Do You Spell That?
pecheneg
Godzilla Movies
pecheneg
Grab Bag: 4-10 Letters
pecheneg
2024 March Madness Bracket
pecheneg
Famous TV Couples
Peacemaker
Champions League XIs: Real Madrid
pecheneg
Largest US Cities 1790-2010
pecheneg
Rides in Walt Disney World
pecheneg
Most Oscar Losses (Acting)
pecheneg
Beyoncé Albums
pecheneg
Trending Topics
Marvel
Anime
Harry Potter
NBA
Disney
Kpop
Crossword
Pokémon
The Office
Song
Soccer
WWE
Country
NFL
Puzzle
Your Account Isn't Verified!
In order to create a playlist on Sporcle, you need to verify the email address you used during registration. Go to your
Sporcle Settings
to finish the process.
Report this User
Report this user for behavior that violates our
Community Guidelines
.
Details:
Send Report
Go to the Sporcle.com Mobile Site →
Comments